000 00212 a2200097 4500
001 49442
100 _aStevenson
245 _aTreasur Island
260 _aLondon
_bThomas Nelson & Sons
_c
090 _c31977
_d31977
942 _aNUST-CAE
_cM
_c24421
999 _c284515
_d284515